Pierre Garnier - Une lettre, une chanson - Statistiques

Statistiques générales
  • Ce quiz a été pris 6 fois
  • Le résultat moyen est 4 sur 9
Statistiques - réponses
Lettres Chansons % Correct
C Ce qui me va / Ceux qu'on était / Chaque seconde / Comme toi / Comment faire / Contrôle
100%
H L'horizon
60%
N Nous on sait
60%
A À mes côtés / Adieu, nous deux
40%
M Maintenant / Les mots
40%
T Tout en mieux
40%
P Pas une larme
20%
L Laisse
0%
S Sur pause
0%
Aucun quiz correspondant
Distribution des résultats
% des personnes avec chaque résultat
Percentile par nombre de réponses
Votre historique - résultats
Vous n’avez pas pris ce quiz